| 000 | 00495nam a2200205Ia 4500 | ||
|---|---|---|---|
| 003 | GCL | ||
| 008 | 140319s9999 xx 000 0 eng d | ||
| 040 |
_aGCL / _cGCL |
||
| 082 | 0 | 4 |
_a843 _bB P |
| 100 | 1 | _aBALZAC, HONORE | |
| 245 | 1 | 0 |
_aLE PERE GORIOT / _cBALZAC, HONORE |
| 260 |
_a[S.N] : _bMARABOUT ، _c1995 |
||
| 300 | _a307 P | ||
| 650 | 0 | 4 | _aLITERATURE |
| 650 | 0 | 4 | _aFICTION |
| 650 | 0 | 4 | _aLITERARY FORM |
| 650 | 0 | 4 | _aFRENCH FICTION |
| 650 | 0 | 4 | _aFRENCH LITERATURE |
| 942 |
_2ddc _cBK |
||
| 999 |
_c25673 _d25673 |
||